00442cam a2200169ua 45000010005000000080039000050400009000440820013000531000036000662450047001022500009001492600036001583000016001946530019002106530021002296530022002502672110909n ii |||gr||||Z||||||asm cMAIN a891.4512 aGogoi, Ganesh Chandra,eAuthor.11aSukunir pratikhudcby Ganesh Chandra Gogoi a4th. aJorhat:bBarkataki company,968. a73p:c23cm. aAssamese drama aAssamese grammar aSukunir pratikhud